| 000 | 00498nam a22001937a 4500 | ||
|---|---|---|---|
| 999 |
_c192559 _d192559 |
||
| 008 | 220927b ||||| |||| 00| 0 eng d | ||
| 020 | _a978-81-237-4538-1 | ||
| 037 | _bBraille Library | ||
| 082 | _aS-PHU | ||
| 100 | _a Phukan,Bandita | ||
| 245 | _aRaju And Jimmi | ||
| 260 |
_adehradun _bN.I.V.H. Dehradun |
||
| 270 | _aN.I.V.H. Dehradun | ||
| 300 |
_a40 pages _c21.1"(L) 13.8"(W) (cms). |
||
| 490 | _v1-4 | ||
| 700 | _aPhukan,Bandita | ||
| 760 | _b1 | ||
| 942 |
_2ddc _cBRLEN _e1 _kS _mPHU |
||